000
00345nam a2200145Ia 4500
008
240624s9999 xx 000 0 und d
041
_a
eng
082
_a
658.84 STR
100
_a
STRAUSS JUDY
245
_a
E MARKETING
250
_a
(7th ed.)
260
_c
2016
_a
New Delhi
_b
Pearson
300
_a
xvi, : 480 : p. : cm. ; 26
365
_c
RS
_b
33
999
_c
24537
_d
24537